[Event "Moscow-Open 2021_A"]
[Site "Moscow"]
[Date "2021.02.28"]
[Round "9.74"]
[White "Silenko, Alexey"]
[Black "Fedosov, Alexander"]
[Result "0-1"]
[WhiteElo "1561"]
[BlackElo "1369"]
[PlyCount "118"]
[EventDate "2021.02.20"]

1. e4 c6 2. d4 d5 3. e5 Bf5 4. h4 h5 5. c4 e6 6. Nc3 Ne7 7. Bg5 dxc4 8. Bxc4
Nd7 9. Nge2 Nb6 10. Bb3 Qd7 11. Ng3 Bg6 12. Qd2 Ned5 13. O-O Be7 14. Nce4 Bxe4
15. Nxe4 O-O-O 16. Bxe7 Qxe7 17. a4 Qxh4 18. Nd6+ Rxd6 19. exd6 Rh6 20. a5 Nf4
21. f3 Rg6 22. Rf2 Nh3+ 23. Kf1 Nxf2 24. Qxf2 Qh1+ 25. Qg1 Qxg1+ 26. Kxg1 Nd5
27. Bxd5 exd5 28. Re1 Re6 29. Rc1 Kd7 30. Kf2 Kxd6 31. b4 a6 32. Rh1 Rh6 33.
Rh4 g5 34. Rh1 h4 35. Ke2 Ke6 36. Kf2 Kf5 37. Rd1 Re6 38. Rd2 Kg6 39. Rd1 Kf5
40. Rd2 Kf4 41. Rd3 f5 42. Rb3 g4 43. fxg4 fxg4 44. g3+ hxg3+ 45. Kf1 Re3 46.
Rb2 Kf3 47. Rb1 g2+ 48. Kg1 Ke4 49. b5 axb5 50. a6 bxa6 51. Kxg2 Kxd4 52. Ra1
b4 53. Rxa6 b3 54. Rxc6 b2 55. Rb6 Kc3 56. Rc6+ Kd2 57. Rb6 Kc2 58. Rc6+ Rc3
59. Rd6 b1=Q 0-1

[Event "Moscow-Open 2021_A"]
[Site "Moscow"]
[Date "2021.02.28"]
[Round "9.76"]
[White "Korovko, Iakov"]
[Black "Meydi, Igor"]
[Result "0-1"]
[WhiteElo "1606"]
[BlackElo "1678"]
[PlyCount "33"]
[EventDate "2021.02.20"]

1. e4 e5 2. Nf3 Nc6 3. Bc4 Bc5 4. c3 Nf6 5. d3 d6 6. Nbd2 O-O 7. Bb3 Be6 8. Bc2
Ng4 9. O-O Bxf2+ 10. Rxf2 Ne3 11. Qe2 Nxc2 12. Rb1 Bxa2 13. b3 Bxb1 14. Nxb1
N2d4 15. cxd4 Nxd4 16. Nxd4 exd4 17. Qg4 0-1

[Event "Moscow-Open 2021_A"]
[Site "Moscow"]
[Date "2021.02.28"]
[Round "9.77"]
[White "Khiryaev, Adam"]
[Black "Kasintsov, Gleb"]
[Result "1-0"]
[WhiteElo "1229"]
[BlackElo "1658"]
[PlyCount "80"]
[EventDate "2021.02.20"]

1. e4 g6 2. d4 Bg7 3. Nc3 d6 4. Be3 Nf6 5. f3 c6 6. Qd2 O-O 7. O-O-O b5 8. h4
b4 9. Nce2 Qa5 10. Kb1 Be6 11. Nc1 Nbd7 12. h5 Rfb8 13. hxg6 fxg6 14. Nh3 Qc7
15. Ng5 Nf8 16. Nxe6 Nxe6 17. Bh6 Bh8 18. Bc4 d5 19. exd5 cxd5 20. Qe3 Rb6 21.
Bb3 Qd7 22. Nd3 a5 23. Nc5 Nxc5 24. dxc5 Rbb8 25. Ba4 Qc8 26. c6 e6 27. Rhe1
Bg7 28. Bf4 d4 29. Qxe6+ Qxe6 30. Rxe6 Rc8 31. Be5 Ne8 32. Bxg7 Nxg7 33. Re4
Nf5 34. g4 Ng7 35. Rexd4 Ne6 36. Bb3 Rxc6 37. Rd6 Rxd6 38. Rxd6 Kf8 39. Rxe6
Rd8 40. Re1 g5 1-0